000 00572nam a2200193Ia 4500
005 20250326145157.0
008 250326s9999 xx 000 0 und d
037 _aTextbook
040 _aFMSL
_beng
_cFMSL
041 _aeng
_2eng
084 _aY24215-31.2 Q1
_qFMSL
100 _aSudha T
_9750785
245 0 _aEducation, employment and empowerment of rural women in India
_cSudha T
260 _aNew Delhi
_bNew Delhi, Global Research
_c2011
365 _b1100
650 _aManagement
942 _cTB
_hY24215-31.2 Q1
999 _c1306650
_d1306650